[Event "51st National Challengers (National â€˜Bâ€™) Chess Cha"]
[Site "Bhopal, Madhya Pradesh-India"]
[Date "2013.10.16"]
[Round "6"]
[Board "26"]
[White "Ram, S. Krishnan"]
[Black "Girinath, P.D.S."]
[Result "1/2-1/2"]
[WhiteElo "2228"]
[BlackElo "2333"]
[PlyCount "23"]
[EventDate "2013.10.12"]
[EventRounds "13"]
[EventCountry "IND"]

1. d4 e6 2. c4 f5 3. Nf3 Nf6 4. Nc3 Be7 5. Qc2 O-O 6. h3 Nc6 7. Bg5 Ne4 8. Bxe7
Qxe7 9. e3 Nxc3 10. Qxc3 d6 11. O-O-O b6 12. Bd3 1/2-1/2

[Event "51st National Challengers (National â€˜Bâ€™) Chess Cha"]
[Site "Bhopal, Madhya Pradesh-India"]
[Date "2013.10.16"]
[Round "6"]
[Board "28"]
[White "K., Praneeth Surya"]
[Black "Lahiri, Atanu"]
[Result "1-0"]
[WhiteElo "2210"]
[BlackElo "2325"]
[PlyCount "63"]
[EventDate "2013.10.12"]
[EventRounds "13"]
[EventCountry "IND"]

1. e4 e6 2. d4 d5 3. Nc3 Nf6 4. Bg5 Be7 5. e5 Nfd7 6. h4 h6 7. Be3 c5 8. Qg4 g6
9. h5 g5 10. f4 cxd4 11. Bxd4 Nc6 12. Nf3 f5 13. exf6 Nxf6 14. Qg3 Nxd4 15.
Nxd4 Bd6 16. Bb5+ Bd7 17. Qd3 Bxf4 18. Qg6+ Ke7 19. Qg7+ Kd6 20. Bxd7 a6 21.
Ba4 Bg3+ 22. Ke2 Be5 23. Nf3 Rh7 24. Qg6 Bxc3 25. bxc3 Rc7 26. Rhd1 Rxc3 27.
Rd3 Rac8 28. Nd4 R8c4 29. Bb3 Rxd3 30. Qxd3 Rc8 31. Qg3+ Ke7 32. Qe5 1-0

[Event "51st National Challengers (National â€˜Bâ€™) Chess Cha"]
[Site "Bhopal, Madhya Pradesh-India"]
[Date "2013.10.16"]
[Round "6"]
[Board "31"]
[White "Abhishek, Kelkar"]
[Black "Pardeep, Arora"]
[Result "1-0"]
[WhiteElo "2291"]
[BlackElo "2033"]
[PlyCount "85"]
[EventDate "2013.10.12"]
[EventRounds "13"]
[EventCountry "IND"]

1. d4 Nf6 2. c4 e6 3. Nc3 d5 4. Nf3 Nbd7 5. Bf4 c6 6. e3 Nh5 7. Qc2 Nxf4 8.
exf4 dxc4 9. Bxc4 Bd6 10. g3 Nf6 11. O-O O-O 12. Ne5 Nd5 13. Rfe1 Bd7 14. Ne4
Be7 15. Rad1 Be8 16. Nd3 Rb8 17. a3 a5 18. Ba2 Ra8 19. Bb1 g6 20. Ba2 Bd7 21.
Ne5 Be8 22. Nf3 Bf6 23. h4 Bg7 24. h5 Rc8 25. hxg6 hxg6 26. Qe2 c5 27. dxc5 Bc6
28. Nfg5 Re8 29. Nd6 Qf6 30. Qg4 Qxb2 31. Bxd5 exd5 32. Nxc8 Bd4 33. Rxe8+ Bxe8
34. Ne7+ Kf8 35. Nxg6+ Kg7 36. Ne5 Bxf2+ 37. Kh1 d4 38. Ne4+ Kf8 39. Qh4 Be3
40. Qh8+ Ke7 41. Qf6+ Kf8 42. Ng6+ Kg8 43. Qh8# 1-0

[Event "51st National Challengers (National â€˜Bâ€™) Chess Cha"]
[Site "Bhopal, Madhya Pradesh-India"]
[Date "2013.10.16"]
[Round "6"]
[Board "33"]
[White "Tiwari, Arjun"]
[Black "Manan, Rai"]
[Result "1-0"]
[WhiteElo "2273"]
[BlackElo "1913"]
[PlyCount "63"]
[EventDate "2013.10.12"]
[EventRounds "13"]
[EventCountry "IND"]

1. e4 e6 2. Qe2 Be7 3. g3 d5 4. d3 Nf6 5. Bg2 c5 6. e5 Nfd7 7. c4 Nc6 8. Nf3
Nb6 9. O-O O-O 10. Rd1 f6 11. exf6 Bxf6 12. Be3 Na4 13. d4 cxd4 14. Nxd4 Nxd4
15. Bxd4 Bxd4 16. Rxd4 Qf6 17. Qd2 dxc4 18. Na3 e5 19. Rd6 Be6 20. Rxe6 c3 21.
bxc3 Qf5 22. Nc4 Rad8 23. Rd6 Rxd6 24. Nxd6 Qf6 25. Bxb7 Nxc3 26. Rc1 Ne2+ 27.
Qxe2 Qxd6 28. Rc8 Rxc8 29. Bxc8 Qc6 30. Bf5 Qc1+ 31. Kg2 Qc5 32. Qc2 1-0

[Event "51st National Challengers (National â€˜Bâ€™) Chess Cha"]
[Site "Bhopal, Madhya Pradesh-India"]
[Date "2013.10.16"]
[Round "6"]
[Board "34"]
[White "Satyapragyan, Swayangsu"]
[Black "Ajay Krishna, S"]
[Result "1-0"]
[WhiteElo "2430"]
[BlackElo "2006"]
[PlyCount "57"]
[EventDate "2013.10.12"]
[EventRounds "13"]
[EventCountry "IND"]

1. e4 c5 2. Nc3 g6 3. f4 Bg7 4. Nf3 Nc6 5. Bb5 Nd4 6. O-O e6 7. e5 Ne7 8. Nxd4
cxd4 9. Ne4 O-O 10. b3 d5 11. Nf6+ Bxf6 12. exf6 Nf5 13. Ba3 Nd6 14. Bd3 b5 15.
Qe1 a5 16. Bc5 Re8 17. Bxd4 Ne4 18. Qh4 h5 19. Rae1 b4 20. h3 Kh7 21. Be5 Ba6
22. Bxa6 Rxa6 23. d3 Nd6 24. Bxd6 Rxd6 25. Re5 Qb6+ 26. Kh1 Rc8 27. Rxh5+ gxh5
28. Qxh5+ Kg8 29. Qh6 1-0

[Event "51st National Challengers (National â€˜Bâ€™) Chess Cha"]
[Site "Bhopal, Madhya Pradesh-India"]
[Date "2013.10.16"]
[Round "6"]
[Board "35"]
[White "Rakesh, Kumar Jena"]
[Black "Gusain, Himal"]
[Result "1/2-1/2"]
[WhiteElo "2059"]
[BlackElo "2307"]
[PlyCount "91"]
[EventDate "2013.10.12"]
[EventRounds "13"]
[EventCountry "IND"]

1. e4 e5 2. Nf3 Nc6 3. Bb5 a6 4. Ba4 Nf6 5. O-O Be7 6. Qe2 b5 7. Bb3 d6 8. c3
O-O 9. Rd1 Na5 10. Bc2 c5 11. d4 Qc7 12. h3 cxd4 13. cxd4 Bb7 14. dxe5 dxe5 15.
Nc3 Rac8 16. a3 b4 17. axb4 Bxb4 18. Bg5 Nh5 19. Na2 Be7 20. Bxe7 Qxe7 21. g3
Nxg3 22. fxg3 Qc5+ 23. Kf1 Qxc2 24. Nc3 Qxe2+ 25. Kxe2 Nb3 26. Ra3 Nc5 27. Nd5
Rfe8 28. Ke3 f6 29. Nh4 Rcd8 30. Rc3 Nxe4 31. Kxe4 Rxd5 32. Rxd5 Rd8 33. Rcc5
g6 34. Nf3 Rxd5 35. Rxd5 Kf7 36. Ng5+ fxg5 37. Kxe5 Bxd5 38. Kxd5 g4 39. hxg4
Kf6 40. b4 Kg5 41. Kc6 Kxg4 42. Kb6 h5 43. Kxa6 g5 44. b5 h4 45. gxh4 gxh4 46.
b6 1/2-1/2

[Event "51st National Challengers (National â€˜Bâ€™) Chess Cha"]
[Site "Bhopal, Madhya Pradesh-India"]
[Date "2013.10.17"]
[Round "7"]
[Board "1"]
[White "Sethuraman, S.P."]
[Black "Thejkumar, M. S."]
[Result "1/2-1/2"]
[WhiteElo "2566"]
[BlackElo "2421"]
[PlyCount "81"]
[EventDate "2013.10.12"]
[EventRounds "13"]
[EventCountry "IND"]

1. e4 c6 2. d4 d5 3. Nc3 dxe4 4. Nxe4 Bf5 5. Ng3 Bg6 6. h4 h6 7. Nf3 Nd7 8. h5
Bh7 9. Bd3 Bxd3 10. Qxd3 e6 11. Bd2 Ngf6 12. O-O-O Qc7 13. Ne4 O-O-O 14. g3
Nxe4 15. Qxe4 Bd6 16. Kb1 Nf6 17. Qe2 Rhe8 18. c4 c5 19. Bc3 Re7 20. Ne5 cxd4
21. Bxd4 Bxe5 22. Bxe5 Qc6 23. Rxd8+ Kxd8 24. Rh4 Rd7 25. a3 Ke7 26. Ka2 a6 27.
Bc3 b6 28. Rf4 a5 29. g4 Ne8 30. Qc2 f6 31. b3 e5 32. Re4 Nd6 33. Re3 Kd8 34.
Rd3 a4 35. Bb4 axb3+ 36. Kxb3 Ne4 37. Rxd7+ Kxd7 38. Qd3+ Kc7 39. Qe3 Ng5 40.
f4 exf4 41. Qxf4+ 1/2-1/2

[Event "51st National Challengers (National â€˜Bâ€™) Chess Cha"]
[Site "Bhopal, Madhya Pradesh-India"]
[Date "2013.10.17"]
[Round "7"]
[Board "2"]
[White "Vishnu, Prasanna. V"]
[Black "Laxman, R.R."]
[Result "1-0"]
[WhiteElo "2496"]
[BlackElo "2424"]
[PlyCount "87"]
[EventDate "2013.10.12"]
[EventRounds "13"]
[EventCountry "IND"]

1. e4 e5 2. Nf3 Nc6 3. d4 exd4 4. Nxd4 Bc5 5. Nb3 Bb4+ 6. Nc3 Bxc3+ 7. bxc3 d6
8. Bd3 Nf6 9. O-O O-O 10. Bg5 h6 11. Bh4 Ne5 12. f4 Ng6 13. Bg3 Re8 14. e5 dxe5
15. fxe5 Bg4 16. Qe1 Nh5 17. Qf2 Qe7 18. Rae1 Nxg3 19. Qxg3 Be6 20. Nd4 Qg5 21.
Qf2 Qe7 22. Nxe6 Qxe6 23. Bf5 Qb6 24. Qxb6 axb6 25. e6 Nh8 26. exf7+ Nxf7 27.
Be6 Rxe6 28. Rxe6 Nd6 29. Re7 Rxa2 30. Rxc7 Rxc2 31. h4 Re2 32. Rd7 Re6 33. Rf4
h5 34. g4 hxg4 35. Rxg4 Nf5 36. Rxb7 Kh7 37. Rf7 Rg6 38. Rxg6 Kxg6 39. Rb7 Nxh4
40. Rxb6+ Kf5 41. Kf2 g5 42. c4 g4 43. Rb5+ Ke6 44. Rg5 1-0

[Event "51st National Challengers (National â€˜Bâ€™) Chess Cha"]
[Site "Bhopal, Madhya Pradesh-India"]
[Date "2013.10.17"]
[Round "7"]
[Board "3"]
[White "Ashwin, Jayaram"]
[Black "Shyam, Nikil P."]
[Result "1-0"]
[WhiteElo "2461"]
[BlackElo "2412"]
[PlyCount "69"]
[EventDate "2013.10.12"]
[EventRounds "13"]
[EventCountry "IND"]

1. e4 c5 2. Nf3 e6 3. d4 cxd4 4. Nxd4 a6 5. Be2 Ne7 6. O-O Nbc6 7. Be3 d6 8. c4
Nxd4 9. Qxd4 Nc6 10. Qd2 Bd7 11. Nc3 Rc8 12. f4 Be7 13. Rfd1 Nb8 14. a4 O-O 15.
a5 Qe8 16. Rac1 Nc6 17. Bb6 e5 18. f5 h6 19. Nd5 Bg5 20. Be3 f6 21. Bxg5 fxg5
22. c5 Nd4 23. Bc4 Kh7 24. cxd6 Rc6 25. Qb4 Qb8 26. Nc7 Rf6 27. Nd5 Rf8 28.
Rxd4 exd4 29. e5 Bxf5 30. Ne7 d3 31. Nxc6 bxc6 32. Qxb8 Rxb8 33. g4 d2 34. Rd1
Bxg4 35. Rxd2 1-0

[Event "51st National Challengers (National â€˜Bâ€™) Chess Cha"]
[Site "Bhopal, Madhya Pradesh-India"]
[Date "2013.10.17"]
[Round "7"]
[Board "4"]
[White "Karthikeyan, Murali"]
[Black "Akshat, Khamparia"]
[Result "0-1"]
[WhiteElo "2444"]
[BlackElo "2384"]
[PlyCount "74"]
[EventDate "2013.10.12"]
[EventRounds "13"]
[EventCountry "IND"]

1. e4 c5 2. Nf3 g6 3. d4 cxd4 4. Qxd4 Nf6 5. e5 Nc6 6. Qa4 Nd5 7. Qe4 Nc7 8.
Nc3 Bg7 9. Bc4 b5 10. Bb3 b4 11. Nd5 Nxd5 12. Bxd5 Bb7 13. Bf4 O-O 14. Nd4 e6
15. Nxc6 dxc6 16. Bc4 c5 17. Qe3 Bxg2 18. Rg1 Bb7 19. Rg3 Qd7 20. Bg5 Rfd8 21.
Bxd8 Rxd8 22. Be2 Qc7 23. f4 Rd4 24. Rd1 Re4 25. Qd2 Bd5 26. Rd3 Qe7 27. Rh3 h5
28. f5 Bxe5 29. fxg6 fxg6 30. c3 bxc3 31. bxc3 Qf6 32. Qd3 c4 33. Qf3 Qg5 34.
Qf2 Rf4 35. Qxa7 Rh4 36. Rxh4 Bxc3+ 37. Rd2 Qxd2+ 0-1

[Event "51st National Challengers (National â€˜Bâ€™) Chess Cha"]
[Site "Bhopal, Madhya Pradesh-India"]
[Date "2013.10.17"]
[Round "7"]
[Board "5"]
[White "Rathnakaran, K."]
[Black "Konguvel, Ponnuswamy"]
[Result "1-0"]
[WhiteElo "2428"]
[BlackElo "2366"]
[PlyCount "81"]
[EventDate "2013.10.12"]
[EventRounds "13"]
[EventCountry "IND"]

1. e4 c5 2. Nf3 d6 3. c3 Nf6 4. h3 g6 5. Bd3 Bg7 6. Bc2 O-O 7. O-O e5 8. d3 Nc6
9. a3 a5 10. a4 d5 11. Na3 h6 12. Bd2 Be6 13. Re1 Re8 14. Nb5 Qd7 15. Be3 b6
16. Nh2 Rad8 17. f4 d4 18. cxd4 exf4 19. Bf2 cxd4 20. Nf3 Nh5 21. Rc1 Ng3 22.
Bb3 Rc8 23. Bxe6 fxe6 24. e5 Nf5 25. Re4 Red8 26. Nbxd4 Ncxd4 27. Nxd4 Ne3 28.
Bxe3 fxe3 29. Rxc8 Qxc8 30. Nf3 Qc5 31. d4 Qb4 32. Qc2 Kh7 33. Rg4 Kh8 34. Qxg6
Qf8 35. Qd3 Qb4 36. b3 e2 37. Re4 Rc8 38. Rxe2 Rc3 39. Qg6 Rxf3 40. gxf3 Qxd4+
41. Kg2 1-0

[Event "51st National Challengers (National â€˜Bâ€™) Chess Cha"]
[Site "Bhopal, Madhya Pradesh-India"]
[Date "2013.10.17"]
[Round "7"]
[Board "6"]
[White "Sengupta, Deep"]
[Black "Praveen Kumar, C."]
[Result "1/2-1/2"]
[WhiteElo "2589"]
[BlackElo "2286"]
[PlyCount "75"]
[EventDate "2013.10.12"]
[EventRounds "13"]
[EventCountry "IND"]

1. e4 c6 2. Nc3 d5 3. d3 g6 4. g3 Bg7 5. Bg2 dxe4 6. Nxe4 Nf6 7. Qe2 Nxe4 8.
dxe4 Be6 9. c3 Qa5 10. Qc2 Bc4 11. Be3 Nd7 12. Nf3 Qa6 13. Bf1 Bxf1 14. Rxf1
O-O 15. O-O-O Rad8 16. Kb1 Ne5 17. Nxe5 Bxe5 18. f4 Bc7 19. Bc5 Rfe8 20. c4 b6
21. Be3 Qc8 22. a4 c5 23. Rxd8 Rxd8 24. Rd1 a5 25. Ka2 Rxd1 26. Qxd1 Qd8 27.
Qc2 Qd7 28. Kb3 Bb8 29. Bd2 e6 30. Bc3 Bc7 31. Qe2 Kf8 32. Qf3 Qc6 33. g4 Ke8
34. f5 Bxh2 35. Qh3 Qd6 36. fxe6 Qd1+ 37. Ka3 Qa1+ 38. Kb3 1/2-1/2

[Event "51st National Challengers (National â€˜Bâ€™) Chess Cha"]
[Site "Bhopal, Madhya Pradesh-India"]
[Date "2013.10.17"]
[Round "7"]
[Board "7"]
[White "Adhiban, B."]
[Black "Padmini, Rout"]
[Result "1-0"]
[WhiteElo "2587"]
[BlackElo "2330"]
[PlyCount "59"]
[EventDate "2013.10.12"]
[EventRounds "13"]
[EventCountry "IND"]

1. d4 Nf6 2. c4 g6 3. Nc3 d5 4. Nf3 Bg7 5. h4 c6 6. Bg5 Qb6 7. Bxf6 Bxf6 8. Qd2
Be6 9. e4 dxe4 10. Nxe4 Nd7 11. O-O-O O-O-O 12. Nfg5 Nf8 13. Nxf6 exf6 14. Ne4
Qa6 15. a3 Bxc4 16. Nc5 Qb5 17. a4 Qxc5 18. dxc5 Rxd2 19. Kxd2 Bd5 20. b4 Ne6
21. Kc3 Kc7 22. Rh3 Nf4 23. Re3 Be6 24. Bc4 Nxg2 25. Re4 Re8 26. Bf1 f5 27.
Red4 Bd5 28. Rxd5 cxd5 29. Bxg2 Re2 30. Rd2 1-0

[Event "51st National Challengers (National â€˜Bâ€™) Chess Cha"]
[Site "Bhopal, Madhya Pradesh-India"]
[Date "2013.10.17"]
[Round "7"]
[Board "8"]
[White "Navin, Kanna T.U."]
[Black "Lalith, Babu M.R."]
[Result "0-1"]
[WhiteElo "2358"]
[BlackElo "2583"]
[PlyCount "124"]
[EventDate "2013.10.12"]
[EventRounds "13"]
[EventCountry "IND"]

1. e4 g6 2. d4 Bg7 3. Nc3 c6 4. Nf3 d6 5. a4 a5 6. Be3 Nf6 7. h3 Na6 8. Be2 Nb4
9. O-O O-O 10. Qd2 Qc7 11. Rad1 Re8 12. Qc1 b6 13. Nd2 Bb7 14. Rfe1 Nd7 15. Nc4
Ba6 16. Bf4 Qa7 17. Be3 Rac8 18. Qb1 Qc7 19. Bf4 Bxc4 20. Bxc4 Bxd4 21. Rxd4 e5
22. Bxe5 Nxe5 23. Bf1 Qe7 24. Re3 Qf6 25. Qd1 Red8 26. Rd2 d5 27. exd5 cxd5 28.
Nb5 Rc5 29. c3 Nbc6 30. b3 Kg7 31. Qe1 Nd7 32. Rd1 Nf8 33. Rf3 Qg5 34. Rg3 Qf6
35. Qd2 Ne7 36. Rf3 Qc6 37. Nd4 Qd6 38. Re1 h6 39. Nb5 Qd7 40. Qd4+ Kg8 41. Qf4
Nf5 42. b4 Rc6 43. Bd3 Ng7 44. Qxh6 Nfe6 45. Qh4 axb4 46. cxb4 Rdc8 47. Qh6 Re8
48. Qd2 Qe7 49. Rfe3 Qh4 50. Bf1 Rd8 51. Rd3 d4 52. Rg3 Qf6 53. Bd3 Nh5 54. Rg4
Nhf4 55. Bf1 d3 56. Na3 Qc3 57. Nb1 Qxd2 58. Nxd2 Rc2 59. Nf3 d2 60. Rd1 f5 61.
Rh4 g5 62. Rh6 Kg7 0-1

[Event "51st National Challengers (National â€˜Bâ€™) Chess Cha"]
[Site "Bhopal, Madhya Pradesh-India"]
[Date "2013.10.17"]
[Round "7"]
[Board "9"]
[White "Aravindh, Chithambaram Vr."]
[Black "Debashis, Das"]
[Result "0-1"]
[WhiteElo "2346"]
[BlackElo "2497"]
[PlyCount "144"]
[EventDate "2013.10.12"]
[EventRounds "13"]
[EventCountry "IND"]

1. e4 c5 2. Nf3 d6 3. d4 cxd4 4. Nxd4 Nf6 5. Nc3 a6 6. Be2 e6 7. a4 Nc6 8. O-O
Be7 9. Be3 Qc7 10. Nb3 b6 11. f3 O-O 12. Qe1 Rb8 13. Qf2 Nb4 14. f4 Nxc2 15.
Rac1 Nxe3 16. Qxe3 Qd8 17. Rcd1 Qe8 18. Kh1 Bb7 19. Bf3 Nd7 20. Nd4 Nc5 21. b4
Nd7 22. g4 Rc8 23. Nde2 Rc4 24. Rd4 Rxd4 25. Nxd4 Qd8 26. h4 e5 27. Nf5 exf4
28. Qxf4 Ne5 29. g5 g6 30. Nxe7+ Qxe7 31. Be2 Qe6 32. Kh2 Qb3 33. Nd5 Bxd5 34.
exd5 Rc8 35. Rf2 Qxd5 36. Bxa6 Rc3 37. Be2 Qe6 38. Kg1 Qh3 39. Rg2 Ra3 40. Qd4
Rxa4 41. Qxb6 Ra1+ 42. Kf2 Qxh4+ 43. Ke3 Ra3+ 44. Kd2 Ra2+ 45. Ke3 Qh3+ 46. Kf4
Qf5+ 47. Ke3 Nc4+ 48. Bxc4 Rxg2 49. Qxd6 Qf2+ 50. Ke4 Rg4+ 51. Kd3 Rg3+ 52. Ke4
Qe3+ 53. Kd5 Rxg5+ 54. Kc6 Qe8+ 55. Kb6 Re5 56. b5 Re7 57. Ka5 Rd7 58. Qc5 Qa8+
59. Kb4 Qd8 60. b6 h5 61. Kb5 h4 62. Qc6 Kg7 63. b7 Rd6 64. Qc5 Rf6 65. Qa7
Qd7+ 66. Kb4 Qd2+ 67. Ka4 Qc2+ 68. Bb3 Qc6+ 69. Ka5 Rf5+ 70. Kb4 Rb5+ 71. Ka3
Rxb7 72. Qd4+ Qf6 0-1

[Event "51st National Challengers (National â€˜Bâ€™) Chess Cha"]
[Site "Bhopal, Madhya Pradesh-India"]
[Date "2013.10.17"]
[Round "7"]
[Board "10"]
[White "Abhishek, Kelkar"]
[Black "Kunte, Abhijit"]
[Result "1/2-1/2"]
[WhiteElo "2291"]
[BlackElo "2487"]
[PlyCount "75"]
[EventDate "2013.10.12"]
[EventRounds "13"]
[EventCountry "IND"]

1. d4 Nf6 2. c4 c6 3. Nc3 d5 4. Nf3 a6 5. c5 g6 6. h3 Qc7 7. Ne5 Bg7 8. Bf4 Qd8
9. e3 Nfd7 10. Nf3 O-O 11. Be2 e5 12. Bh2 Re8 13. O-O exd4 14. exd4 Nf8 15. Na4
Bf5 16. Nb6 Ra7 17. Bd3 Bxd3 18. Qxd3 Nbd7 19. Rae1 Nxb6 20. cxb6 Ra8 21. Rxe8
Qxe8 22. Re1 Qd8 23. Bc7 Qc8 24. Ne5 Ne6 25. Qf3 Qe8 26. Ng4 Qe7 27. Be5 Nxd4
28. Qc3 Bxe5 29. Nxe5 c5 30. Nxg6 Qg5 31. Ne7+ Kf8 32. Re3 Re8 33. Nf5 Rxe3 34.
Qxc5+ Re7 35. Nxe7 Nf3+ 36. Kh1 Qxe7 37. Qc8+ Qe8 38. Qc5+ 1/2-1/2

[Event "51st National Challengers (National â€˜Bâ€™) Chess Cha"]
[Site "Bhopal, Madhya Pradesh-India"]
[Date "2013.10.17"]
[Round "7"]
[Board "11"]
[White "Deepan, Chakkravarthy J."]
[Black "Ravi, Teja S."]
[Result "1/2-1/2"]
[WhiteElo "2476"]
[BlackElo "2285"]
[PlyCount "86"]
[EventDate "2013.10.12"]
[EventRounds "13"]
[EventCountry "IND"]

1. d4 d5 2. c4 c6 3. Nf3 Nf6 4. Nc3 a6 5. g3 Bf5 6. Bg2 e6 7. O-O h6 8. Nd2
Nbd7 9. e4 dxe4 10. Ndxe4 Be7 11. Qb3 Qb6 12. Bf4 Qxb3 13. axb3 Nxe4 14. Nxe4
Nf6 15. Nc5 Bxc5 16. dxc5 Be4 17. f3 Bc2 18. Rfc1 Bg6 19. b4 O-O 20. Bf1 Rfd8
21. Ra3 Rac8 22. g4 Rd4 23. Be3 Rd7 24. b5 axb5 25. cxb5 Nd5 26. Bf2 Nb4 27.
Ra7 cxb5 28. Bxb5 Nc6 29. Bxc6 Rxc6 30. Ra8+ Kh7 31. b4 Bd3 32. Rd1 Rd5 33. Rb8
Rc7 34. Bg3 Rcd7 35. Bd6 Bb5 36. Rxd5 exd5 37. Kf2 d4 38. f4 Kg6 39. Kf3 Bc6+
40. Ke2 Bb5+ 41. Kd2 f5 42. h3 fxg4 43. hxg4 h5 1/2-1/2

[Event "51st National Challengers (National â€˜Bâ€™) Chess Cha"]
[Site "Bhopal, Madhya Pradesh-India"]
[Date "2013.10.17"]
[Round "7"]
[Board "12"]
[White "Deshpande, Aniruddha"]
[Black "Swapnil, S. Dhopade"]
[Result "1-0"]
[WhiteElo "2270"]
[BlackElo "2471"]
[PlyCount "66"]
[EventDate "2013.10.12"]
[EventRounds "13"]
[EventCountry "IND"]

1. c4 f5 2. g3 Nf6 3. Bg2 g6 4. Nc3 Bg7 5. d3 d6 6. e3 O-O 7. Nge2 e5 8. Rb1 a5
9. a3 Nc6 10. O-O Ne7 11. Nd5 Nexd5 12. cxd5 e4 13. Nc3 Qe7 14. b4 c6 15. Qb3
Kh8 16. Bb2 axb4 17. axb4 Bd7 18. Qc4 Rae8 19. b5 c5 20. d4 cxd4 21. Qxd4 Ng4
22. Qb6 Ne5 23. Ne2 Nc4 24. Bxg7+ Qxg7 25. Qxb7 Rb8 26. Qa7 Ra8 27. Qd4 Qxd4
28. Nxd4 Nd2 29. Nc6 Ra3 30. b6 Raa8 31. b7 1-0

[Event "51st National Challengers (National â€˜Bâ€™) Chess Cha"]
[Site "Bhopal, Madhya Pradesh-India"]
[Date "2013.10.17"]
[Round "7"]
[Board "13"]
[White "Patil, Pratik"]
[Black "Neelotpal, Das"]
[Result "1/2-1/2"]
[WhiteElo "2237"]
[BlackElo "2455"]
[PlyCount "46"]
[EventDate "2013.10.12"]
[EventRounds "13"]
[EventCountry "IND"]

1. e4 c5 2. c3 Qa5 3. Nf3 e6 4. Bc4 b5 5. Bb3 Bb7 6. Qe2 Nf6 7. e5 Nd5 8. d4 d6
9. O-O Nd7 10. Nbd2 dxe5 11. dxe5 c4 12. Bc2 Qc7 13. Re1 Be7 14. a4 b4 15. Qxc4
Qxc4 16. Nxc4 bxc3 17. bxc3 Nxc3 18. Ba3 Bxa3 19. Rxa3 Nd5 20. Be4 Ke7 21. Bxd5
exd5 22. Ne3 Ke6 23. Nc2 Rhe8 1/2-1/2

[Event "51st National Challengers (National â€˜Bâ€™) Chess Cha"]
[Site "Bhopal, Madhya Pradesh-India"]
[Date "2013.10.17"]
[Round "7"]
[Board "14"]
[White "Akash Pc, Iyer"]
[Black "Gagare, Shardul"]
[Result "0-1"]
[WhiteElo "2206"]
[BlackElo "2443"]
[PlyCount "66"]
[EventDate "2013.10.12"]
[EventRounds "13"]
[EventCountry "IND"]

1. d4 Nf6 2. c4 g6 3. Nc3 Bg7 4. e4 d6 5. f3 c6 6. Be3 a6 7. c5 dxc5 8. dxc5
Nbd7 9. Nge2 Qc7 10. Nc1 Ne5 11. Na4 Be6 12. Nb6 Rd8 13. Qc2 Nfd7 14. Be2 f5
15. f4 Nf7 16. Nb3 fxe4 17. O-O Nxb6 18. cxb6 Qc8 19. Nc5 Bd5 20. Nb3 O-O 21.
Bc5 Rfe8 22. h3 Nd6 23. Nd2 Qe6 24. Bg4 Qf6 25. b3 h5 26. Be2 Qc3 27. Qxc3 Bxc3
28. Rad1 Nf5 29. Kh2 e5 30. g4 hxg4 31. hxg4 Nd4 32. Bc4 Bxd2 33. Rxd2 Bxc4 0-1

[Event "51st National Challengers (National â€˜Bâ€™) Chess Cha"]
[Site "Bhopal, Madhya Pradesh-India"]
[Date "2013.10.17"]
[Round "7"]
[Board "15"]
[White "Sharma, Dinesh K."]
[Black "Tiwari, Arjun"]
[Result "1/2-1/2"]
[WhiteElo "2390"]
[BlackElo "2273"]
[PlyCount "25"]
[EventDate "2013.10.12"]
[EventRounds "13"]
[EventCountry "IND"]

1. e4 g6 2. d4 Bg7 3. Nc3 d6 4. f4 Nc6 5. Be3 Nf6 6. Nf3 O-O 7. h3 a6 8. Be2
Nh5 9. Kf2 e5 10. dxe5 dxe5 11. Qxd8 Rxd8 12. fxe5 Nxe5 13. Rhd1 1/2-1/2

[Event "51st National Challengers (National â€˜Bâ€™) Chess Cha"]
[Site "Bhopal, Madhya Pradesh-India"]
[Date "2013.10.17"]
[Round "7"]
[Board "16"]
[White "Stany, G.A."]
[Black "K., Praneeth Surya"]
[Result "1/2-1/2"]
[WhiteElo "2388"]
[BlackElo "2210"]
[PlyCount "47"]
[EventDate "2013.10.12"]
[EventRounds "13"]
[EventCountry "IND"]

1. Nf3 Nf6 2. g3 g6 3. Bg2 Bg7 4. O-O O-O 5. d3 d6 6. e4 c5 7. Nc3 Nc6 8. Bd2
Rb8 9. a3 b5 10. b4 Bg4 11. Ne2 cxb4 12. axb4 d5 13. h3 Bxf3 14. Bxf3 dxe4 15.
dxe4 Nd7 16. Bc3 Nde5 17. Bg2 Qb6 18. Bxe5 Nxe5 19. c3 Nc4 20. Qc2 Rfd8 21.
Rfd1 Rxd1+ 22. Rxd1 Rd8 23. Kf1 e6 24. Rd3 1/2-1/2

[Event "51st National Challengers (National â€˜Bâ€™) Chess Cha"]
[Site "Bhopal, Madhya Pradesh-India"]
[Date "2013.10.17"]
[Round "7"]
[Board "17"]
[White "Sagar, Shah"]
[Black "Matta, Vinay Kumar"]
[Result "1/2-1/2"]
[WhiteElo "2373"]
[BlackElo "2209"]
[PlyCount "70"]
[EventDate "2013.10.12"]
[EventRounds "13"]
[EventCountry "IND"]

1. d4 Nf6 2. c4 g6 3. g3 Bg7 4. Bg2 O-O 5. Nf3 d6 6. O-O a6 7. Nc3 Nc6 8. Bf4
Rb8 9. Rc1 Bg4 10. d5 Na5 11. b3 c5 12. dxc6 bxc6 13. c5 e5 14. Bg5 Bxf3 15.
Bxf3 d5 16. e4 d4 17. Na4 h6 18. Bd2 Nb7 19. b4 Nd7 20. Be2 Ra8 21. Bc4 Kh7 22.
Qe2 a5 23. b5 Nbxc5 24. Nxc5 Nxc5 25. bxc6 Qd6 26. Bd5 f5 27. c7 Rac8 28. Bxa5
Nxe4 29. Bb7 Qa3 30. Qa6 Qf3 31. Bxc8 Ng5 32. h4 Nh3+ 33. Kh2 Nf4 34. Rg1 Qxf2+
35. Kh1 Qf3+ 1/2-1/2

[Event "51st National Challengers (National â€˜Bâ€™) Chess Cha"]
[Site "Bhopal, Madhya Pradesh-India"]
[Date "2013.10.17"]
[Round "7"]
[Board "18"]
[White "Dhulipala, Bala Chandra Prasad"]
[Black "Ravichandran, Siddharth"]
[Result "1/2-1/2"]
[WhiteElo "2139"]
[BlackElo "2372"]
[PlyCount "47"]
[EventDate "2013.10.12"]
[EventRounds "13"]
[EventCountry "IND"]

1. d4 Nf6 2. Bf4 g6 3. e3 Bg7 4. Nf3 O-O 5. Be2 c5 6. c3 cxd4 7. exd4 d6 8. O-O
a6 9. Re1 b6 10. Nbd2 Bb7 11. a4 Nbd7 12. Bc4 Nd5 13. Bg3 N7f6 14. Qb3 Rb8 15.
Ne4 Nxe4 16. Bxd5 Nxg3 17. hxg3 e6 18. Qc4 b5 19. axb5 axb5 20. Qb4 Qc7 21. Ra7
Ra8 22. Rea1 Rxa7 23. Rxa7 h6 24. Ra5 1/2-1/2

[Event "51st National Challengers (National â€˜Bâ€™) Chess Cha"]
[Site "Bhopal, Madhya Pradesh-India"]
[Date "2013.10.17"]
[Round "7"]
[Board "19"]
[White "Swayams, Mishra"]
[Black "Imocha, Laishram"]
[Result "1-0"]
[WhiteElo "2434"]
[BlackElo "2197"]
[PlyCount "99"]
[EventDate "2013.10.12"]
[EventRounds "13"]
[EventCountry "IND"]

1. d4 Nf6 2. c4 g6 3. Nc3 Bg7 4. e4 d6 5. Nf3 O-O 6. Be2 e5 7. O-O Nc6 8. d5
Ne7 9. Ne1 Nd7 10. Be3 f5 11. f3 f4 12. Bf2 g5 13. a4 h5 14. a5 Nf6 15. c5 Ng6
16. cxd6 cxd6 17. Nb5 g4 18. Nxa7 g3 19. Bb6 gxh2+ 20. Kh1 Qe7 21. Nxc8 Rfxc8
22. Nd3 Nd7 23. Bf2 Bf6 24. Qd2 Kh8 25. Rfc1 Rg8 26. Rc7 Rg7 27. Rxb7 Rgg8 28.
Rc1 Qg7 29. Bf1 h4 30. Rcc7 Rad8 31. Nc1 h3 32. a6 Nh4 33. Bxh4 Bxh4 34. Nd3
Qh7 35. a7 Rg7 36. Rc2 Rdg8 37. Qa5 hxg2+ 38. Rxg2 Rxg2 39. Bxg2 Qg6 40. Qd2
Nf6 41. Rb8 Nh5 42. Kxh2 Ng3 43. Kg1 Bd8 44. a8=Q Bb6+ 45. Nf2 Ne2+ 46. Kf1
Qxg2+ 47. Kxe2 Qxf2+ 48. Kd1 Qxf3+ 49. Kc2 Qxe4+ 50. Kb3 1-0